Integrated Weed Management in Rice (Oryza Sativa L.) (Record no. 50534)

MARC details
000 -LEADER
fixed length control field 00420nam a22001697a 4500
003 - CONTROL NUMBER IDENTIFIER
control field OSt
008 - FIXED-LENGTH DATA ELEMENTS--GENERAL INFORMATION
fixed length control field 260511b |||||||| |||| 00| 0 eng d
082 ## - DEWEY DECIMAL CLASSIFICATION NUMBER
Classification number 633.18
Item number S48T
100 ## - MAIN ENTRY--PERSONAL NAME
Personal name Singh, Satya Narayan
245 ## - TITLE STATEMENT
Title Integrated Weed Management in Rice (Oryza Sativa L.)
260 ## - PUBLICATION, DISTRIBUTION, ETC. (IMPRINT)
Place of publication, distribution, etc Pusa, Samastipur
Name of publisher, distributor, etc RAU
Date of publication, distribution, etc 1984
300 ## - PHYSICAL DESCRIPTION
Extent 63P.
502 ## - DISSERTATION NOTE
Degree type Msc.
Year degree granted 1984
650 ## - SUBJECT ADDED ENTRY--TOPICAL TERM
Topical term or geographic name as entry element Agronomy
650 ## - SUBJECT ADDED ENTRY--TOPICAL TERM
Topical term or geographic name as entry element Msc.
942 ## - ADDED ENTRY ELEMENTS (KOHA)
Source of classification or shelving scheme
Koha item type Thesis

No items available.

Hosted, Implemented, Customized & Maintained by: BestBookBuddies

Powered by Koha